[Event "DEM U12w 2021"]
[Site "Willingen GER"]
[Date "2021.08.26"]
[Round "6"]
[White "Kutz, Ida Klara"]
[Black "Stepanjan, Tatevik Mia"]
[Result "1-0"]
[Termination "normal"]
[Board "16"]
[WhiteElo "1258"]
[BlackElo "1170"]
[WhiteClock "00:27:29"]
[BlackClock "00:06:15"]
[PlyCount "113"]
[WhiteFideId "16296257"]
[BlackFideId "16246128"]
[EventCountry "GER"]
[EventRounds "9"]
[EventType "swiss"]
[EventDate "2021.08.22"]

1. c4 {[%clk 1:30:57]} e5 {[%clk 1:30:40]} 2. Nc3 {[%clk 1:31:22]} Nf6 {[%clk
1:29:52]} 3. Nf3 {[%clk 1:31:29]} Nc6 {[%clk 1:29:32]} 4. g3 {[%clk 1:31:43]}
Bb4 {[%clk 1:29:41]} 5. Bg2 {[%clk 1:31:43]} Bxc3 {[%clk 1:29:21]} 6. bxc3
{[%clk 1:32:02]} O-O {[%clk 1:29:00]} 7. O-O {[%clk 1:32:20]} Re8 {[%clk
1:26:38]} 8. d4 {[%clk 1:31:36]} d5 {[%clk 1:23:58]} 9. cxd5 {[%clk 1:30:41]}
Nxd5 {[%clk 1:22:16]} 10. Bb2 {[%clk 1:30:38]} Bg4 {[%clk 1:20:56]} 11. Qb3
{[%clk 1:28:39]} Nb6 {[%clk 1:16:49]} 12. dxe5 {[%clk 1:26:09]} Nxe5 {[%clk
1:12:14]} 13. Nxe5 {[%clk 1:25:41]} Rxe5 {[%clk 1:12:04]} 14. Bxb7 {[%clk
1:24:26]} Rb8 {[%clk 1:08:45]} 15. Bf3 {[%clk 1:20:23]} Bxf3 {[%clk 1:07:33]}
16. exf3 {[%clk 1:18:39]} Nd5 {[%clk 1:05:32]} 17. Qc2 {[%clk 1:18:17]} Rh5
{[%clk 0:58:00]} 18. Rad1 {[%clk 1:16:00]} Qg5 {[%clk 0:52:39]} 19. Rd4 {[%clk
1:10:43]} Qh6 {[%clk 0:39:50]} 20. Bc1 {[%clk 1:08:33]} Qe6 {[%clk 0:31:21]}
21. h4 {[%clk 1:05:07]} c5 {[%clk 0:24:36]} 22. Re4 {[%clk 1:02:10]} Qf6 {[%clk
0:19:04]} 23. Rfe1 {[%clk 0:54:18]} Rf8 {[%clk 0:17:32]} 24. c4 {[%clk
0:50:22]} Nb4 {[%clk 0:14:30]} 25. Qb2 {[%clk 0:47:30]} Qxf3 {[%clk 0:11:37]}
26. Qe2 {[%clk 0:45:03]} Qxe2 {[%clk 0:11:05]} 27. R1xe2 {[%clk 0:45:05]} Nd3
{[%clk 0:10:45]} 28. Bg5 {[%clk 0:44:33]} f6 {[%clk 0:10:31]} 29. g4 {[%clk
0:43:57]} fxg5 {[%clk 0:09:57]} 30. gxh5 {[%clk 0:41:51]} gxh4 {[%clk 0:10:01]}
31. Rxh4 {[%clk 0:41:01]} Rf5 {[%clk 0:09:29]} 32. Rh2 {[%clk 0:38:10]} Ne5
{[%clk 0:09:30]} 33. Kf1 {[%clk 0:37:21]} Ng4 {[%clk 0:09:32]} 34. Rg2 {[%clk
0:36:09]} Nf6 {[%clk 0:09:33]} 35. h6 {[%clk 0:35:44]} Nh5 {[%clk 0:09:24]} 36.
hxg7 {[%clk 0:35:14]} Nxg7 {[%clk 0:09:17]} 37. Re7 {[%clk 0:35:01]} Rf7 {[%clk
0:09:24]} 38. Rxf7 {[%clk 0:35:06]} Kxf7 {[%clk 0:09:46]} 39. Rg5 {[%clk
0:35:08]} Ne6 {[%clk 0:09:57]} 40. Rh5 {[%clk 0:35:02]} Kg6 {[%clk 0:10:12]}
41. Rd5 {[%clk 0:34:57]} h5 {[%clk 0:10:10]} 42. Kg1 {[%clk 0:34:32]} h4 {[%clk
0:10:06]} 43. Kh2 {[%clk 0:33:16]} a6 {[%clk 0:08:35]} 44. Rd6 {[%clk 0:32:20]}
Kf5 {[%clk 0:08:50]} 45. Rxa6 {[%clk 0:32:06]} Nd4 {[%clk 0:08:59]} 46. Kh3
{[%clk 0:31:44]} Nf3 {[%clk 0:08:57]} 47. Ra5 {[%clk 0:29:35]} Ke4 {[%clk
0:08:27]} 48. Rxc5 {[%clk 0:28:42]} Kd3 {[%clk 0:08:19]} 49. a4 {[%clk
0:27:40]} Ke4 {[%clk 0:06:48]} 50. a5 {[%clk 0:27:50]} Kd4 {[%clk 0:06:53]} 51.
Rc8 {[%clk 0:27:58]} Ne5 {[%clk 0:06:41]} 52. a6 {[%clk 0:26:59]} Nd7 {[%clk
0:06:26]} 53. Rd8 {[%clk 0:27:01]} Kxc4 {[%clk 0:06:15]} 54. Rxd7 {[%clk
0:26:57]} Kb5 {[%clk 0:06:33]} 55. a7 {[%clk 0:27:01]} Kb6 {[%clk 0:06:40]} 56.
a8=Q {[%clk 0:27:11]} Kc5 {[%clk 0:06:15]} 57. Qc8+ {[%clk 0:27:29]} 1-0

[Event "DEM U12w 2021"]
[Site "Willingen GER"]
[Date "2021.08.26"]
[Round "6"]
[White "Terekhin, Maria"]
[Black "Vogt, Luna"]
[Result "1-0"]
[Termination "normal"]
[Board "17"]
[WhiteElo "1030"]
[BlackElo "1147"]
[WhiteClock "00:38:45"]
[BlackClock "00:14:38"]
[PlyCount "57"]
[WhiteFideId "16277422"]
[BlackFideId "34607153"]
[EventCountry "GER"]
[EventRounds "9"]
[EventType "swiss"]
[EventDate "2021.08.22"]

1. e4 {[%clk 1:30:59]} e5 {[%clk 1:30:54]} 2. Nf3 {[%clk 1:31:25]} Nc6 {[%clk
1:31:18]} 3. d4 {[%clk 1:31:50]} exd4 {[%clk 1:31:33]} 4. Nxd4 {[%clk 1:32:15]}
Qh4 {[%clk 1:31:47]} 5. Nc3 {[%clk 1:28:59]} Bb4 {[%clk 1:31:49]} 6. Qd3 {[%clk
1:28:04]} Nf6 {[%clk 1:31:32]} 7. Bd2 {[%clk 1:20:43]} Bxc3 {[%clk 1:31:25]} 8.
Bxc3 {[%clk 1:19:14]} Qxe4+ {[%clk 1:30:18]} 9. Qxe4+ {[%clk 1:18:46]} Nxe4
{[%clk 1:30:13]} 10. Nb5 {[%clk 1:18:06]} O-O {[%clk 1:09:12]} 11. Nxc7 {[%clk
1:16:42]} Rb8 {[%clk 1:09:10]} 12. Bd3 {[%clk 1:15:40]} Nxc3 {[%clk 1:08:01]}
13. bxc3 {[%clk 1:16:07]} a6 {[%clk 1:03:38]} 14. O-O {[%clk 1:15:23]} d6
{[%clk 1:02:35]} 15. Nd5 {[%clk 1:15:20]} b5 {[%clk 0:57:07]} 16. a3 {[%clk
1:13:59]} Bb7 {[%clk 0:53:24]} 17. a4 {[%clk 1:07:34]} Na7 {[%clk 0:41:50]} 18.
Ne7+ {[%clk 1:05:04]} Kh8 {[%clk 0:40:28]} 19. Nf5 {[%clk 1:02:56]} Rfd8 {[%clk
0:36:02]} 20. Nd4 {[%clk 1:02:48]} Bc6 {[%clk 0:32:32]} 21. axb5 {[%clk
0:57:27]} Ba8 {[%clk 0:23:29]} 22. bxa6 {[%clk 0:54:00]} Rbc8 {[%clk 0:21:19]}
23. c4 {[%clk 0:50:56]} g6 {[%clk 0:19:59]} 24. Rfe1 {[%clk 0:47:24]} Rc7
{[%clk 0:17:53]} 25. Nb5 {[%clk 0:47:11]} Rcd7 {[%clk 0:17:53]} 26. Nxa7 Rxa7
{[%clk 0:18:11]} 27. Be4 {[%clk 0:43:48]} d5 {[%clk 0:16:42]} 28. Red1 {[%clk
0:41:02]} Rd6 {[%clk 0:14:38]} 29. cxd5 {[%clk 0:38:45]} 1-0

[Event "DEM U12w 2021"]
[Site "Willingen GER"]
[Date "2021.08.26"]
[Round "6"]
[White "Neumeier, Valentina"]
[Black "Krasikova, Milana"]
[Result "1/2-1/2"]
[Termination "normal"]
[Board "18"]
[WhiteElo "1128"]
[BlackElo "1244"]
[WhiteClock "00:34:15"]
[BlackClock "00:19:56"]
[PlyCount "41"]
[WhiteFideId "34608222"]
[BlackFideId "16287347"]
[EventCountry "GER"]
[EventRounds "9"]
[EventType "swiss"]
[EventDate "2021.08.22"]

1. e4 {[%clk 1:30:58]} e5 {[%clk 1:30:56]} 2. Nf3 {[%clk 1:31:24]} Nf6 {[%clk
1:30:59]} 3. Nxe5 {[%clk 1:31:44]} Nc6 {[%clk 1:30:56]} 4. Nxc6 {[%clk
1:31:25]} dxc6 {[%clk 1:30:04]} 5. Nc3 {[%clk 1:31:42]} Bc5 {[%clk 1:29:37]} 6.
Bc4 {[%clk 1:30:35]} Ng4 {[%clk 1:27:58]} 7. O-O {[%clk 1:28:46]} Qh4 {[%clk
1:26:46]} 8. h3 {[%clk 1:17:02]} Nxf2 {[%clk 1:25:15]} 9. Rxf2 {[%clk 1:04:40]}
Qxf2+ {[%clk 1:23:55]} 10. Kh1 {[%clk 0:59:21]} g5 {[%clk 1:15:41]} 11. Qf1
{[%clk 0:54:09]} Qxf1+ {[%clk 1:14:53]} 12. Bxf1 {[%clk 0:54:22]} g4 {[%clk
1:09:12]} 13. h4 {[%clk 0:51:39]} g3 {[%clk 1:00:46]} 14. d3 {[%clk 0:50:38]}
f5 {[%clk 0:53:19]} 15. Bf4 {[%clk 0:48:45]} fxe4 {[%clk 0:44:12]} 16. Nxe4
{[%clk 0:47:30]} Bb6 {[%clk 0:41:16]} 17. Bxg3 {[%clk 0:46:47]} Be6 {[%clk
0:37:37]} 18. Re1 {[%clk 0:44:24]} O-O-O {[%clk 0:37:49]} 19. Ng5 {[%clk
0:43:00]} Bxa2 {[%clk 0:26:06]} 20. b3 {[%clk 0:42:47]} Rde8 {[%clk 0:19:56]}
21. Ne4 {[%clk 0:34:15]} 1/2-1/2

[Event "DEM U12w 2021"]
[Site "Willingen GER"]
[Date "2021.08.26"]
[Round "6"]
[White "Kopylov, Diana"]
[Black "Abram, Kristina-Maria"]
[Result "0-1"]
[Termination "normal"]
[Board "19"]
[WhiteElo "1007"]
[BlackElo "1009"]
[WhiteClock "00:25:42"]
[BlackClock "00:47:20"]
[PlyCount "64"]
[WhiteFideId "16268865"]
[BlackFideId "16298349"]
[EventCountry "GER"]
[EventRounds "9"]
[EventType "swiss"]
[EventDate "2021.08.22"]

1. d4 {[%clk 1:30:57]} e6 {[%clk 1:30:49]} 2. c4 {[%clk 1:30:59]} c5 {[%clk
1:30:06]} 3. Nf3 {[%clk 1:29:40]} cxd4 {[%clk 1:29:42]} 4. Nxd4 {[%clk
1:29:51]} Bc5 {[%clk 1:28:44]} 5. Bf4 {[%clk 1:25:52]} Qb6 {[%clk 1:27:12]} 6.
e3 {[%clk 1:20:08]} Qxb2 {[%clk 1:25:26]} 7. Nd2 {[%clk 1:18:07]} Bb4 {[%clk
1:23:31]} 8. e4 {[%clk 1:17:06]} Bxd2+ {[%clk 1:22:27]} 9. Bxd2 {[%clk
1:16:13]} Qxd4 {[%clk 1:22:43]} 10. f3 {[%clk 1:14:17]} Nc6 {[%clk 1:17:30]}
11. Rc1 {[%clk 1:12:23]} f5 {[%clk 1:13:43]} 12. exf5 {[%clk 1:09:56]} Qe5+
{[%clk 1:12:59]} 13. Be2 {[%clk 1:08:18]} Nf6 {[%clk 1:10:14]} 14. O-O {[%clk
1:02:57]} O-O {[%clk 1:08:35]} 15. fxe6 {[%clk 1:00:07]} dxe6 {[%clk 1:06:50]}
16. Re1 {[%clk 0:59:04]} Rd8 {[%clk 1:05:51]} 17. Qc2 {[%clk 0:53:55]} Qd4+
{[%clk 1:04:38]} 18. Kh1 {[%clk 0:50:44]} Qxd2 {[%clk 1:04:42]} 19. Qb1 {[%clk
0:48:41]} Nd4 {[%clk 1:02:40]} 20. Rcd1 {[%clk 0:47:48]} Qh6 {[%clk 0:57:53]}
21. Qb2 {[%clk 0:44:17]} e5 {[%clk 0:55:26]} 22. Bd3 {[%clk 0:40:31]} Re8
{[%clk 0:51:19]} 23. Rc1 {[%clk 0:35:54]} Bf5 {[%clk 0:49:56]} 24. Bxf5 {[%clk
0:35:32]} Nxf5 {[%clk 0:49:57]} 25. Qxb7 {[%clk 0:35:28]} Rab8 {[%clk 0:49:04]}
26. Qxa7 {[%clk 0:34:28]} Rb2 {[%clk 0:49:10]} 27. Qc5 {[%clk 0:33:43]} Qxh2+
{[%clk 0:49:05]} 28. Kxh2 {[%clk 0:33:58]} Rxa2 {[%clk 0:48:02]} 29. Rxe5
{[%clk 0:30:53]} Rxe5 {[%clk 0:46:55]} 30. Qxe5 {[%clk 0:30:59]} Nh4 {[%clk
0:47:08]} 31. Rd1 {[%clk 0:25:57]} Nxf3+ {[%clk 0:47:01]} 32. Kg3 {[%clk
0:25:42]} Nxe5 {[%clk 0:47:20]} 0-1

[Event "DEM U12w 2021"]
[Site "Willingen GER"]
[Date "2021.08.26"]
[Round "6"]
[White "Hesse, Sariana"]
[Black "Niederdorfer, Mathilda"]
[Result "0-1"]
[Termination "normal"]
[Board "20"]
[WhiteElo "997"]
[BlackElo "1264"]
[WhiteClock "01:11:19"]
[BlackClock "01:08:58"]
[PlyCount "42"]
[WhiteFideId "34605843"]
[BlackFideId "16275845"]
[EventCountry "GER"]
[EventRounds "9"]
[EventType "swiss"]
[EventDate "2021.08.22"]

1. e4 {[%clk 1:30:59]} c5 {[%clk 1:30:56]} 2. Nf3 {[%clk 1:31:21]} Nc6 {[%clk
1:31:20]} 3. d4 {[%clk 1:31:44]} cxd4 {[%clk 1:31:43]} 4. Nxd4 {[%clk 1:32:08]}
g6 {[%clk 1:32:08]} 5. Nc3 {[%clk 1:32:20]} Bg7 {[%clk 1:32:28]} 6. Nb3 {[%clk
1:32:32]} a5 {[%clk 1:32:46]} 7. a4 {[%clk 1:32:24]} Nf6 {[%clk 1:33:10]} 8.
Bc4 {[%clk 1:32:30]} d6 {[%clk 1:33:20]} 9. O-O {[%clk 1:32:35]} O-O {[%clk
1:33:42]} 10. Be3 {[%clk 1:31:42]} Ng4 {[%clk 1:25:58]} 11. Bg5 {[%clk
1:30:52]} Nce5 {[%clk 1:23:54]} 12. h3 {[%clk 1:28:25]} Nxc4 {[%clk 1:23:59]}
13. hxg4 {[%clk 1:28:19]} Nxb2 {[%clk 1:24:14]} 14. Qd2 {[%clk 1:27:03]} Bxg4
{[%clk 1:24:14]} 15. Nd5 {[%clk 1:25:27]} Re8 {[%clk 1:19:22]} 16. Qf4 {[%clk
1:22:38]} Be6 {[%clk 1:13:26]} 17. Bh6 {[%clk 1:19:45]} Nc4 {[%clk 1:11:34]}
18. Rad1 {[%clk 1:17:44]} Ne5 {[%clk 1:08:21]} 19. Kh2 {[%clk 1:12:57]} Ng4+
{[%clk 1:08:16]} 20. Kg3 {[%clk 1:12:27]} Be5 {[%clk 1:08:37]} 21. Qxe5 {[%clk
1:11:19]} Nxe5 {[%clk 1:08:58]} 0-1

[Event "DEM U12w 2021"]
[Site "Willingen GER"]
[Date "2021.08.27"]
[Round "7"]
[White "Müller, Riyanna"]
[Black "Neininger, Sarah"]
[Result "1-0"]
[Termination "normal"]
[Board "1"]
[WhiteElo "1421"]
[BlackElo "1434"]
[WhiteClock "01:06:14"]
[BlackClock "00:54:18"]
[PlyCount "37"]
[WhiteFideId "16287401"]
[BlackFideId "16287410"]
[EventCountry "GER"]
[EventRounds "9"]
[EventType "swiss"]
[EventDate "2021.08.22"]

1. d4 {[%clk 1:30:56]} d5 {[%clk 1:30:48]} 2. c4 {[%clk 1:31:10]} e6 {[%clk
1:31:04]} 3. Nc3 {[%clk 1:31:13]} c5 {[%clk 1:31:22]} 4. cxd5 {[%clk 1:30:59]}
exd5 {[%clk 1:31:33]} 5. Nf3 {[%clk 1:30:56]} Nc6 {[%clk 1:31:41]} 6. g3 {[%clk
1:30:45]} Nf6 {[%clk 1:31:33]} 7. Bg2 {[%clk 1:30:17]} cxd4 {[%clk 1:30:56]} 8.
Nxd4 {[%clk 1:29:58]} Be6 {[%clk 1:28:22]} 9. O-O {[%clk 1:26:18]} Bc5 {[%clk
1:26:05]} 10. Nb3 {[%clk 1:22:47]} Bb6 {[%clk 1:23:37]} 11. Bg5 {[%clk
1:20:35]} O-O {[%clk 1:13:44]} 12. Qc1 {[%clk 1:10:39]} Nd4 {[%clk 1:05:28]}
13. Rd1 {[%clk 1:06:58]} Nxb3 {[%clk 1:03:34]} 14. axb3 {[%clk 1:07:12]} d4
{[%clk 1:02:12]} 15. Ne4 {[%clk 1:06:57]} Bxb3 {[%clk 1:01:25]} 16. Bxf6 {[%clk
1:06:21]} gxf6 {[%clk 1:01:10]} 17. Qh6 {[%clk 1:05:50]} Bc2 {[%clk 0:53:57]}
18. Nxf6+ {[%clk 1:05:55]} Kh8 {[%clk 0:54:18]} 19. Rd3 {[%clk 1:06:14]} 1-0

[Event "DEM U12w 2021"]
[Site "Willingen GER"]
[Date "2021.08.27"]
[Round "7"]
[White "Huber, Laura"]
[Black "Sickmann, Lisa"]
[Result "0-1"]
[Termination "normal"]
[Board "2"]
[WhiteElo "1265"]
[BlackElo "1462"]
[WhiteClock "00:06:52"]
[BlackClock "00:13:14"]
[PlyCount "73"]
[WhiteFideId "16270940"]
[BlackFideId "16267818"]
[EventCountry "GER"]
[EventRounds "9"]
[EventType "swiss"]
[EventDate "2021.08.22"]

1. e4 {[%clk 1:30:57]} c5 {[%clk 1:30:55]} 2. Nc3 {[%clk 1:31:05]} Nc6 {[%clk
1:30:54]} 3. f4 {[%clk 1:31:17]} e6 {[%clk 1:30:51]} 4. Nf3 {[%clk 1:31:06]} d5
{[%clk 1:31:11]} 5. d3 {[%clk 1:25:54]} Nge7 {[%clk 1:29:23]} 6. g3 {[%clk
1:23:07]} b5 {[%clk 1:27:13]} 7. e5 {[%clk 1:02:22]} b4 {[%clk 1:24:35]} 8. Ne2
{[%clk 1:01:09]} h5 {[%clk 1:21:01]} 9. d4 {[%clk 0:47:34]} Nf5 {[%clk
1:19:16]} 10. c3 {[%clk 0:40:17]} Qb6 {[%clk 1:15:53]} 11. Bh3 {[%clk 0:36:04]}
Ba6 12. Bxf5 {[%clk 0:35:06]} exf5 {[%clk 1:09:37]} 13. Be3 {[%clk 0:35:04]}
Be7 {[%clk 1:04:17]} 14. Qc2 {[%clk 0:31:02]} Qa5 {[%clk 0:59:14]} 15. Bd2
{[%clk 0:29:55]} Qb5 {[%clk 0:53:05]} 16. Be3 {[%clk 0:20:41]} Rb8 {[%clk
0:38:17]} 17. Kf2 {[%clk 0:18:38]} h4 {[%clk 0:27:08]} 18. Rhe1 {[%clk
0:16:00]} g6 {[%clk 0:22:35]} 19. Rab1 {[%clk 0:14:20]} hxg3+ {[%clk 0:19:45]}
20. hxg3 {[%clk 0:14:21]} Qd3 {[%clk 0:16:41]} 21. Qxd3 {[%clk 0:14:33]} Bxd3
{[%clk 0:17:01]} 22. Rbd1 {[%clk 0:14:34]} c4 {[%clk 0:16:37]} 23. Bd2 {[%clk
0:13:36]} bxc3 {[%clk 0:14:56]} 24. Bxc3 {[%clk 0:13:28]} Nb4 {[%clk 0:15:21]}
25. a3 {[%clk 0:13:16]} Na2 {[%clk 0:14:18]} 26. Rd2 {[%clk 0:09:39]} Bxe2
{[%clk 0:12:16]} 27. Rexe2 {[%clk 0:09:15]} Bxa3 {[%clk 0:11:51]} 28. e6 {[%clk
0:08:37]} f6 {[%clk 0:11:02]} 29. bxa3 {[%clk 0:06:55]} Nxc3 {[%clk 0:11:16]}
30. Rb2 {[%clk 0:06:07]} Rxb2 {[%clk 0:11:27]} 31. Rxb2 {[%clk 0:06:36]} Nd1+
{[%clk 0:11:50]} 32. Ke2 {[%clk 0:06:02]} Nxb2 {[%clk 0:12:15]} 33. Kf2 {[%clk
0:05:55]} c3 {[%clk 0:12:30]} 34. Ke2 {[%clk 0:06:09]} Rh1 {[%clk 0:12:48]} 35.
Ne1 {[%clk 0:06:19]} c2 {[%clk 0:13:00]} 36. Kd2 {[%clk 0:06:32]} Rxe1 {[%clk
0:13:14]} 37. Kxc2 {[%clk 0:06:52]} 0-1

[Event "DEM U12w 2021"]
[Site "Willingen GER"]
[Date "2021.08.27"]
[Round "7"]
[White "Lorenz, Veronika"]
[Black "Müller, Cosima"]
[Result "1-0"]
[Termination "normal"]
[Board "3"]
[WhiteElo "1395"]
[BlackElo "1389"]
[WhiteClock "00:16:33"]
[BlackClock "00:39:23"]
[PlyCount "109"]
[WhiteFideId "16277406"]
[BlackFideId "34601490"]
[EventCountry "GER"]
[EventRounds "9"]
[EventType "swiss"]
[EventDate "2021.08.22"]

1. e4 {[%clk 1:30:52]} c5 {[%clk 1:30:54]} 2. Nf3 {[%clk 1:30:49]} d6 {[%clk
1:31:18]} 3. c3 {[%clk 1:30:47]} Nf6 {[%clk 1:31:06]} 4. Bd3 {[%clk 1:30:09]}
Nc6 {[%clk 1:30:27]} 5. Bc2 {[%clk 1:29:21]} Bg4 {[%clk 1:25:44]} 6. h3 {[%clk
1:27:00]} Bxf3 {[%clk 1:25:09]} 7. Qxf3 {[%clk 1:25:55]} g6 {[%clk 1:25:01]} 8.
O-O {[%clk 1:25:41]} Bg7 {[%clk 1:25:20]} 9. Rd1 {[%clk 1:17:37]} O-O {[%clk
1:21:47]} 10. d4 {[%clk 1:16:51]} cxd4 {[%clk 1:18:27]} 11. cxd4 {[%clk
1:17:13]} Qb6 {[%clk 1:18:04]} 12. Qc3 {[%clk 1:09:11]} Rac8 {[%clk 1:16:57]}
13. Qb3 {[%clk 0:52:35]} Nb4 {[%clk 1:13:40]} 14. Bd3 {[%clk 0:50:39]} Nxd3
{[%clk 1:09:34]} 15. Qxd3 {[%clk 0:50:58]} Nd7 {[%clk 1:07:35]} 16. Nc3 {[%clk
0:49:34]} Rc6 {[%clk 1:00:29]} 17. Nd5 {[%clk 0:48:35]} Qd8 {[%clk 0:59:18]}
18. Be3 {[%clk 0:45:36]} Nf6 {[%clk 0:57:37]} 19. Nb4 {[%clk 0:44:10]} Rb6
{[%clk 0:57:44]} 20. a3 {[%clk 0:44:19]} a5 {[%clk 0:57:59]} 21. Nc2 {[%clk
0:37:35]} Rxb2 {[%clk 0:57:24]} 22. Rab1 {[%clk 0:37:56]} Rxb1 {[%clk 0:56:47]}
23. Rxb1 {[%clk 0:38:25]} Qc7 {[%clk 0:55:09]} 24. f3 {[%clk 0:37:04]} Rc8
{[%clk 0:54:34]} 25. Rb2 {[%clk 0:36:15]} Qc3 {[%clk 0:53:15]} 26. Qxc3 {[%clk
0:34:22]} Rxc3 {[%clk 0:53:34]} 27. Kf2 {[%clk 0:34:40]} Nd7 {[%clk 0:51:35]}
28. Bd2 {[%clk 0:32:23]} Rc7 {[%clk 0:49:10]} 29. Bxa5 {[%clk 0:32:10]} Rc4
{[%clk 0:47:54]} 30. Ke3 {[%clk 0:31:35]} Nc5 {[%clk 0:46:26]} 31. f4 {[%clk
0:17:14]} Na4 {[%clk 0:45:16]} 32. Ra2 {[%clk 0:17:00]} Nc3 {[%clk 0:44:12]}
33. Bxc3 {[%clk 0:15:05]} Rxc3+ {[%clk 0:44:37]} 34. Ke2 {[%clk 0:14:41]} e5
{[%clk 0:44:18]} 35. fxe5 {[%clk 0:14:41]} dxe5 {[%clk 0:44:25]} 36. d5 {[%clk
0:14:59]} Bf8 {[%clk 0:43:23]} 37. Rb2 {[%clk 0:12:53]} Bc5 {[%clk 0:42:02]}
38. Kd2 {[%clk 0:11:57]} Rg3 {[%clk 0:41:20]} 39. Ne1 {[%clk 0:11:40]} b6
{[%clk 0:39:45]} 40. a4 {[%clk 0:01:40]} Ra3 {[%clk 0:39:04]} 41. Nd3 {[%clk
0:01:06]} Rxa4 {[%clk 0:38:30]} 42. Nxc5 {[%clk 0:01:13]} bxc5 {[%clk 0:37:52]}
43. Ke3 {[%clk 0:25:09]} Rd4 {[%clk 1:06:50]} 44. g4 {[%clk 0:23:04]} Kg7
{[%clk 1:04:03]} 45. Rd2 {[%clk 0:22:16]} Rxd2 {[%clk 1:03:48]} 46. Kxd2 {[%clk
0:22:44]} Kf6 {[%clk 1:02:20]} 47. Kc3 {[%clk 0:22:46]} Ke7 {[%clk 0:40:18]}
48. Kc4 {[%clk 0:16:03]} f5 {[%clk 0:40:10]} 49. gxf5 {[%clk 0:15:48]} gxf5
{[%clk 0:40:33]} 50. exf5 {[%clk 0:16:11]} e4 {[%clk 0:40:51]} 51. h4 {[%clk
0:15:38]} h5 {[%clk 0:40:19]} 52. Kc3 {[%clk 0:15:51]} e3 {[%clk 0:39:43]} 53.
Kd3 {[%clk 0:16:07]} e2 {[%clk 0:39:08]} 54. Kxe2 {[%clk 0:16:33]} Kd6 {[%clk
0:39:23]} 55. f6 1-0

[Event "DEM U12w 2021"]
[Site "Willingen GER"]
[Date "2021.08.27"]
[Round "7"]
[White "Wartenberg, Alissa"]
[Black "Richter, Johanna"]
[Result "1-0"]
[Termination "normal"]
[Board "4"]
[WhiteElo "1562"]
[BlackElo "1155"]
[WhiteClock "00:33:07"]
[BlackClock "00:02:41"]
[PlyCount "73"]
[WhiteFideId "16280741"]
[BlackFideId "16278925"]
[EventCountry "GER"]
[EventRounds "9"]
[EventType "swiss"]
[EventDate "2021.08.22"]

1. e4 {[%clk 1:30:58]} c5 {[%clk 1:30:44]} 2. Nf3 {[%clk 1:31:25]} Nc6 {[%clk
1:31:05]} 3. d4 {[%clk 1:31:52]} cxd4 {[%clk 1:31:25]} 4. Nxd4 {[%clk 1:32:19]}
Nf6 {[%clk 1:31:44]} 5. Nc3 {[%clk 1:32:46]} e5 {[%clk 1:32:06]} 6. Ndb5 {[%clk
1:33:14]} d6 {[%clk 1:32:22]} 7. Bg5 {[%clk 1:33:41]} a6 {[%clk 1:32:38]} 8.
Na3 {[%clk 1:34:08]} b5 {[%clk 1:33:02]} 9. Nd5 {[%clk 1:34:36]} Be7 {[%clk
1:33:18]} 10. Bxf6 {[%clk 1:35:02]} Bxf6 {[%clk 1:33:25]} 11. c3 {[%clk
1:35:30]} O-O {[%clk 1:33:38]} 12. Nc2 {[%clk 1:35:56]} Bg5 {[%clk 1:30:22]}
13. a4 {[%clk 1:36:11]} bxa4 {[%clk 1:30:33]} 14. Rxa4 {[%clk 1:36:34]} Bb7
{[%clk 1:08:57]} 15. Nce3 {[%clk 1:35:39]} Bxe3 {[%clk 1:04:00]} 16. Nxe3
{[%clk 1:35:28]} a5 {[%clk 1:01:48]} 17. Bc4 {[%clk 1:35:09]} Ne7 {[%clk
0:55:28]} 18. Nd5 {[%clk 1:31:30]} Nxd5 {[%clk 0:51:25]} 19. exd5 {[%clk
1:30:12]} Qb6 {[%clk 0:45:23]} 20. Ra2 {[%clk 1:27:34]} Ba6 {[%clk 0:38:22]}
21. Qe2 {[%clk 1:20:24]} Bxc4 {[%clk 0:35:39]} 22. Qxc4 {[%clk 1:20:42]} Rfc8
{[%clk 0:34:57]} 23. Qa4 {[%clk 1:06:50]} Qc5 {[%clk 0:23:55]} 24. Qe4 {[%clk
1:05:20]} Qb5 {[%clk 0:22:09]} 25. Kd2 Ra6 {[%clk 0:16:08]} 26. Rha1 {[%clk
0:57:12]} Rca8 {[%clk 0:13:53]} 27. Kc2 {[%clk 0:51:48]} g6 {[%clk 0:07:38]}
28. f3 {[%clk 0:48:05]} Kg7 {[%clk 0:06:55]} 29. Qd3 {[%clk 0:43:49]} Rb8
{[%clk 0:03:12]} 30. Qxb5 {[%clk 0:43:31]} Rxb5 {[%clk 0:03:35]} 31. c4 {[%clk
0:36:18]} Rc5 {[%clk 0:03:04]} 32. Kd3 f5 {[%clk 0:02:11]} 33. b4 {[%clk
0:35:29]} e4+ {[%clk 0:02:23]} 34. fxe4 {[%clk 0:35:31]} fxe4+ {[%clk 0:02:48]}
35. Kd4 {[%clk 0:35:53]} Rc8 {[%clk 0:02:28]} 36. Rxa5 {[%clk 0:33:07]} Rxa5
{[%clk 0:02:41]} 37. bxa5 1-0